000 00707nam a22001937a 4500
005 20230710032228.0
008 230127b |||||||| |||| 00| 0 eng d
020 _a971-685-775-7
082 _aFil. 370.1523 L933 2014
100 _aLucas, Maria Rita D.
_eauthor
245 _aFacilitating learning:
_ba metacognitive process /
_cMaria Rita D Lucas, Brenda B. Corpuz
250 _a4th ed.
260 _aQuezon City:
_bLorimar Publishing,
_cc2014.
300 _axiv, 298p.;
_bill.
504 _aIncludes bibliographical references
541 _e4629 c.1 4630 c.2 4631 c.3, 4632 c.4, 4633 c.5, 5025 c.6, 5026 c.7, 5027 c.8, 5028 c.9, 5029 c.10
650 _aLearning,
650 _aLearning, Psychology of
999 _c697
_d697